Central Library and Information Centre
Sibsagar Girls' College, Sivasagar : Assam

FOUNDATIONS OF ELECTRONICS (Record no. 16029)

MARC details
000 -LEADER
fixed length control field 00452cam a2200181ua 4500
008 - FIXED-LENGTH DATA ELEMENTS--GENERAL INFORMATION
fixed length control field 060101n1999 II |||gr||||Z||||||eng
040 ## - CATALOGING SOURCE
Original cataloging agency MAIN
041 ## - LANGUAGE CODE
-- English
082 ## - DEWEY DECIMAL CLASSIFICATION NUMBER
Classification number 537 CHA
100 ## - MAIN ENTRY--PERSONAL NAME
Personal name CHATTOPADHYAY, D .
245 ## - TITLE STATEMENT
Title FOUNDATIONS OF ELECTRONICS
260 ## - PUBLICATION, DISTRIBUTION, ETC.
Place of publication, distribution, etc. NEW DELHI
Name of publisher, distributor, etc. NEW AGE INTERNATIONAL LTD.
Date of publication, distribution, etc. 1999
300 ## - PHYSICAL DESCRIPTION
Extent 456:
Dimensions 23CM.
700 ## - ADDED ENTRY--PERSONAL NAME
Personal name RAKSHIT, P.C .
942 ## - ADDED ENTRY ELEMENTS (KOHA)
Koha item type Books
653 ## - INDEX TERM--UNCONTROLLED
Uncontrolled term Electricity & electronics
Holdings
Withdrawn status Lost status Damaged status Not for loan Collection code Home library Current library Shelving location Date acquired Full call number Barcode Date last seen Copy number Price effective from Koha item type Public note
        TBPHY Central Library and Information Centre Sibsagar Girls College Central Library and Information Centre Sibsagar Girls College PHYSICS BOOK RACK 23.02.2010 537 CHA 24788 27.02.2020 1 27.02.2020 Books V


Sibsagar Girl's College © 2020. All rights reserved.
Powered by Koha.
Maintained by Abhijit Borpuzari.